Responses for Show #2852 - Tuesday, January 14, 1997

Paul Gutowski game 3.

Contestants

[<< previous game]

Mita Choudhury, a history instructor from Chicago, Illinois

Peter Dent, an used bookstore owner from Santa Clara, California

Paul Gutowski, a substance abuse counselor from Rockford, Illinois (whose 2-day cash winnings total $22,801)

[next game >>]

Jeopardy! Round responses

COLONIAL AMERICA
SPORTS
GUINNESS FOOD & DRINK RECORDS
MUSIC
STREETS
THE "I"S HAVE IT
    $100 1
Florida

Paul
    $100 7
Earvin "Magic" Johnson

Peter
    $100 12
a banana split

Peter
    $100 3
the violin

Mita
    $100 17
Pennsylvania Avenue

Paul
    $100 23
Irish

Mita
    $200 2
New Orleans

Peter
    $200 8
the New York Yankees

Paul
    $200 20
a chocolate chip cookie

Mita
    $200 13
Jamaica

Peter
    $200 18
Berlin

Paul
    $200 24
Lee Iacocca

Paul
    $300 4
John Alden

Paul
    $300 9
Joe Louis

Peter
    $300 30
apple pie

Paul
    $300 14
maestro

Paul
    $300 19
Market Street

Peter
    $300 25
(Alex: With less than a minute to go.)

infinity

Peter
    $400 5
Sweden

Paul
    $400 10
(Paul: What is Australia?)

New Zealand

Paul
Triple Stumper
    $400 29
scotch whiskey

Peter
    $400 15
piano

Peter
    $400 21
Damascus

Peter
    $400 26
Isaiah

Peter
    $500 6
(Paul: What is Massachusetts?)

Maine

Paul
    $500 11
(Mita: What is ice skating?)
(Alex: Be more specific.)

figure skating

Mita
    $500 28
Switzerland

Paul
    $500 16
the lute

Mita
    $500 22
(Mita: What is 6th Ave.?)

Broadway

PeterMita
    $500 27
(Peter: What is an iconotor?)

an insectivore

Peter
Triple Stumper

Scores at the first commercial break (after clue 14):

Paul Peter Mita
$400 $900 $600

Scores at the end of the Jeopardy! Round:

Paul Peter Mita
$1,700 $3,100 $900

Double Jeopardy! Round responses

MAY 6 EVENTS
INVENTORS
U.S. CITIES
FORMER CHILD STARS
LEFTOVERS
NAME THE POET
    $200 18
Josef Stalin

Paul
    $200 11
Benjamin Franklin

Paul
    $200 6
the Emerald City

Paul
    $200 1
Oliver!

Paul
    $200 23
Catherine the Great

Peter
    $200 14
(Peter: Who is Walt Whitman?)

Carl Sandburg

PaulPeter
    $400 19
the Vietnam War Memorial

Paul
    $400 12
Alexander Graham Bell

Paul
    $400 7
Salem, Massachusetts

Mita
    $400 2
Janet Jackson

Paul
    $400 25
hemoglobin

Triple Stumper
    $400 16
E.E. Cummings

Paul
    $600 20
Bob Seger

Paul
    $600 13
James Watt

Peter
    $600 8
Mobile

Paul
    $600 3
Helen Hunt

Paul
    $600 26
tail

Peter
    $600 24
(Alex: Less than a minute to go in the round.)

Alfred Lord Tennyson ("Charge of the Light Brigade")

Paul
    $1,000 21
John F. Kennedy (Profiles in Courage)

Paul
    $800 15
Felix Wankel

Peter
    $800 9
Houston

Paul
    $1,000 4
(Paul: Who is Jackie Cooper?)

Ron Howard (in The Music Man)

Paul
    $800 27
(Mita: Who is John Donne?)

Dylan Thomas ("Do Not Go Gentle into that Good Night")

Mita
Triple Stumper
    $1000 22
Lord Snowden (Antony Armstrong-Jones)

Mita
    $1000 17
an alphabet

Paul
    $1000 10
(Paul: What is Charleston?)

Wheeling

Paul
Triple Stumper
    $1000 5
Jodie Foster

Paul
    $1000 29
(Peter: Who is Rupert Murdoch?)
[The end-of-round signal sounds.]

Richard Branson

Peter
Triple Stumper
    $1000 28
(Peter: Who is Byron?)

Robert Browning

Peter
Triple Stumper

Scores at the end of the Double Jeopardy! Round:

Paul Peter Mita
$8,500 $3,100 $1,500
(lock game)

[wagering suggestions for these scores]

Final Jeopardy! Round responses

WORLD CAPITALS
MitaWhat is Havanna?
$0
PeterWhat is Havana
$99
PaulWhat is Havana?
$1,000
Havana, Cuba

Final scores:

Paul Peter Mita
$9,500 $3,199 $1,500
3-day champion: $32,301 2nd place: a trip to Roseland Ranch, Stanfordville, New York 3rd place: a Samsung 27" color TV

Game dynamics:

Coryat scores:

Paul Peter Mita
$9,800 $3,100 $1,500
27 R
(including 1 DD),
4 W
(including 2 DDs)
16 R,
4 W
7 R,
2 W

Combined Coryat: $14,400

[game clues] [game scores] [suggest correction]

Game tape date: 1996-11-06
The J! Archive is created by fans, for fans. Scraping, republication, monetization, and malicious use prohibited; this site may use cookies and collect identifying information. See terms. The Jeopardy! game show and all elements thereof, including but not limited to copyright and trademark thereto, are the property of Jeopardy Productions, Inc. and are protected under law. This website is not affiliated with, sponsored by, or operated by Jeopardy Productions, Inc. Join the discussion at JBoard.tv.